000
00271nam a2200109Ia 4500
008
190216s9999||||xx |||||||||||||| ||und||
100
_a
Ulloor
245
0
_a
Kerala Sahithya Charithram Vol-4
260
_b
Kerala University
650
_a
Malayalam Literaturte
942
_c
BK
999
_c
24083
_d
24083